| 000 | 00595nam a2200241Ia 4500 | ||
|---|---|---|---|
| 005 | 20250425162823.0 | ||
| 008 | 250425s9999 xx 000 0 und d | ||
| 020 | _a9788434241046 | ||
| 041 | _aspa | ||
| 044 | _asp | ||
| 082 |
_a741.6 _pCOA |
||
| 100 | _aCOATES, KATHRYN | ||
| 245 | 0 | _aINTRODUCCION AL DISEÑO DE INFORMACION | |
| 250 | _a1A ED. | ||
| 264 |
_aEspaña, BADALONA _bPARRAMON _c2014. |
||
| 300 | _a208 | ||
| 650 | _aCOMUNICACION VISUAL | ||
| 650 | _aDISEÑO DE INFORMACION | ||
| 650 | _aDISEÑO GRAFICO | ||
| 700 | _aELLISON, ANDY | ||
| 942 | _c01 | ||
| 010 | _a110348 | ||
| 999 |
_c237109 _d237109 |
||